000 00309nam a22001337a 4500
008 170508b xxu||||| |||| 00| 0 eng d
020 _a1422418944
041 _aeng
080 _22ND
_a343.9
100 _a15
101 S _aSHJ
245 _aCRIMINAL LAW CASES MATERIALS
_cSALTZBURG , S.A
942 _2udc
_cBK
999 _c12873
_d12873